Herramientas para la gestión hospitalaria : (Record no. 11033)

MARC details
000 -LEADER
fixed length control field 02600nam a22003737a 4500
007 - PHYSICAL DESCRIPTION FIXED FIELD--GENERAL INFORMATION
fixed length control field cr
008 - FIXED-LENGTH DATA ELEMENTS--GENERAL INFORMATION
fixed length control field 250729e20241220ag |||||oz||| 00| 0 spa d
020 ## - INTERNATIONAL STANDARD BOOK NUMBER
International Standard Book Number 9786319081541
040 ## - CATALOGING SOURCE
Transcribing agency AR-FvUNAJ
Modifying agency AR-FvUNAJ
Description conventions aacr2
041 ## - LANGUAGE CODE
Language code of text/sound track or separate title spa
100 1# - MAIN ENTRY--PERSONAL NAME
9 (RLIN) 21680
Personal name Machado Busani, Federico
245 10 - TITLE STATEMENT
Title Herramientas para la gestión hospitalaria :
Remainder of title Argentina y el mundo. El caso del Hospital Posadas /
Statement of responsibility, etc Comp. Narodowski, Patricio y Machado Busani, Federico
260 ## - PUBLICATION, DISTRIBUTION, ETC. (IMPRINT)
Place of publication, distribution, etc Florencio Varela :
Name of publisher, distributor, etc Universidad Nacional Arturo Jauretche,
Date of publication, distribution, etc 2024
300 ## - PHYSICAL DESCRIPTION
Extent 315 p. :
Other physical details Digital
440 ## - SERIES STATEMENT/ADDED ENTRY--TITLE
9 (RLIN) 20784
Title Obras Colectivas Sobre Resultados : Avances de Investigación
Volume number/sequential designation 4
520 2# - SUMMARY, ETC.
Summary, etc Este libro estudia un período particular de un Hospital Público, el Posadas, fundamental en el sistema de salud argentino y de la RMBA especialmente. Lo que allí sucede tendrá siempre impacto en el Sistema Nacional de Salud. En este caso, sirve como excusa además para analizar las innovaciones en la gestión hospitalaria que surgen continuamente a nivel mundial. Formas de gobernanza, sistemas de administración, compras, recuperación de costos, uso de TIC, gestión de redes y relación con APS, medicamentos. Las transformaciones son permanentes y en suma, de gran magnitud y o siempre en nuestro país hemos logrado realizar las mejoras necesarias. En la experiencia 2019-2023 se llevaron adelante en el Posadas reformas como las mencionadas, se puede ver cómo se planificaron y ejecutaron, el mayor o menor apoyo recibido: externo, especialmente del Gobierno e interno; y también los errores cometidos y la forma en que se intentó subsanarlos.
540 ## - TERMS GOVERNING USE AND REPRODUCTION NOTE
Terms governing use and reproduction Esta obra está bajo una Licencia Creative Commons Argentina. Atribución - Compartir Igual 2.5 Argentina (CC BY-SA 2.5 AR)
Uniform Resource Identifier <a href="https://creativecommons.org/licenses/by-sa/2.5/ar/">https://creativecommons.org/licenses/by-sa/2.5/ar/</a>
650 27 - SUBJECT ADDED ENTRY--TOPICAL TERM
Source of heading or term decs
9 (RLIN) 5417
Topical term or geographic name as entry element ADMINISTRACION HOSPITALARIA
650 27 - SUBJECT ADDED ENTRY--TOPICAL TERM
Source of heading or term decs
9 (RLIN) 2088
Topical term or geographic name as entry element HOSPITALES PUBLICOS
650 27 - SUBJECT ADDED ENTRY--TOPICAL TERM
Source of heading or term decs
9 (RLIN) 151
Topical term or geographic name as entry element SALUD PUBLICA
700 ## - ADDED ENTRY--PERSONAL NAME
9 (RLIN) 1833
Personal name Alvarez, Daniela
700 1# - ADDED ENTRY--PERSONAL NAME
9 (RLIN) 2051
Personal name Ballina, Fernando Emilio
700 1# - ADDED ENTRY--PERSONAL NAME
9 (RLIN) 21681
Personal name García, Julieta
700 1# - ADDED ENTRY--PERSONAL NAME
9 (RLIN) 21682
Personal name Orlandi, Gabriel
700 1# - ADDED ENTRY--PERSONAL NAME
9 (RLIN) 16998
Personal name Rodríguez Díaz, Luciano
700 1# - ADDED ENTRY--PERSONAL NAME
9 (RLIN) 21683
Personal name Sal Iturrería, Rodrigo
700 1# - ADDED ENTRY--PERSONAL NAME
9 (RLIN) 20392
Personal name Zamarreño, María Eugenia
700 1# - ADDED ENTRY--PERSONAL NAME
9 (RLIN) 21684
Personal name Zugbi, Ladislao
830 ## - SERIES ADDED ENTRY--UNIFORM TITLE
9 (RLIN) 20784
Uniform title Obras Colectivas Sobre Resultados : Avances de Investigación
Volume number/sequential designation 4
856 ## - ELECTRONIC LOCATION AND ACCESS
Electronic format type application/pdf
Uniform Resource Identifier <a href="https://rid.unaj.edu.ar/handle/123456789/3026">https://rid.unaj.edu.ar/handle/123456789/3026</a>
942 ## - ADDED ENTRY ELEMENTS (KOHA)
Source of classification or shelving scheme Dewey Decimal Classification
Item type Libro electrónico
980 ## - EQUIVALENCE OR CROSS-REFERENCE-SERIES STATEMENT--PERSONAL NAME/TITLE [LOCAL, CANADA]
Linkage 20072
Personal name Matías Regueira
Field link and sequence number 20072
Miscellaneous information Matías Regueira
Holdings
Withdrawn status Lost status Source of classification or shelving scheme Damaged status Not for loan Collection code Home library Current library Date acquired Total Checkouts Barcode Date last seen Uniform Resource Identifier Price effective from Koha item type
    Dewey Decimal Classification   Acceso en línea + Investigación Repositorio Institucional Digital UNAJ Repositorio Institucional Digital UNAJ 29/07/2025   RID25070015 29/07/2025 https://rid.unaj.edu.ar/handle/123456789/3026 29/07/2025 Libro electrónico

Lunes a Viernes 8:30 a 19:00 hs. Cerrado por mudanza
Av.Calchaqui 6200 Florencio Varela (CP188) 2°piso Edificio Mosconi Aula 209-210
Mail: bibliotecacentralunaj@gmail.com  
Whatsapp(54 9)1122668024    ❔Pregunte a la bibliotecaria
© Universidad Nacional Arturo Jauretche | Secretaría Académica | Biblioteca Central UNAJ